000 00563cam a22001457a 4500
008 180718b1986 xxu||||| |||| 00| 0 eng d
082 _aPROJ.REP. 1986/DUB
100 _aDubhashi, P.R.
245 _aInterventions and innovations for reform in civil service: a case study of district rural development agency (DRDA) Ghaziabad, Uttar Pradesh
_cby P.R. Dubhashi and B.M. Verma
260 _aNew Delhi
_bIndian Institute of Public Administration
_c1986
300 _a60p.
440 _aIIPA Working Paper, 1986: 2
650 _aCivil service
700 _aVerma, B.M.
999 _c492310
_d492310